000 00716nam a2200229Ia 4500
999 _c36268
_d36268
001 2175
003 GE_BSU
005 20221025101728.0
008 181216s2008en xx |||||||||||||| ||eng||
020 _a978140584801
040 _cGE_BSU
080 _a811.111(075.8) B-96
100 _aBurgess,Sally.
_915505
245 _aFce Goly. Plus. Exam Maximiser :
_bWith key /
_cSally Burgess, With Jacky Newbrook and judikh Wilson.
264 _aOxford,
_c2008.
300 _a160 p.:
_b28 cm
_cFce Coi Plus Maximisen CD 12
653 _aFce Goly. Plus. Exam Maximiser. With key
653 _aინგლისური
700 _aNewbrook, Jacky
_915506
700 _aWilson, judikh
_915507
942 _cBK
_2udc